00382nam a2200181Ia 4500003000900000008004100009040001300050040001300063041000800076100001800084100001400102245003300116250001100149260001500160260000900175300001000184490000600194IT-RoPAU120407s9999 xx 000 0 und d aIT-RoPAU cIT-RoPAU aita aBruno Scremin ca cura di aCommento al Nuovo Testamento aAssisi aCittadella c1969 c19 cm v1